Introduction to mathematical physics / (Record no. 29677)

000 -LEADER
fixed length control field 00489 a2200181 4500
003 - CONTROL NUMBER IDENTIFIER
control field NUST
005 - DATE AND TIME OF LATEST TRANSACTION
control field 20180118124437.0
008 - FIXED-LENGTH DATA ELEMENTS--GENERAL INFORMATION
fixed length control field 180118b xxu||||| |||| 00| 0 eng d
020 ## - INTERNATIONAL STANDARD BOOK NUMBER
International Standard Book Number 3527406271
020 ## - INTERNATIONAL STANDARD BOOK NUMBER
International Standard Book Number 9783527406272
082 ## - DEWEY DECIMAL CLASSIFICATION NUMBER
Classification number 530.15
100 1# - MAIN ENTRY--PERSONAL NAME
Personal name Vaughn, Michael T.
9 (RLIN) 8755
245 10 - TITLE STATEMENT
Title Introduction to mathematical physics /
Statement of responsibility, etc. Michael T. Vaughn.
260 ## - PUBLICATION, DISTRIBUTION, ETC.
Place of publication, distribution, etc. [S.l.] :
Name of publisher, distributor, etc. Wiley-VCH,
Date of publication, distribution, etc. 2007.
300 ## - PHYSICAL DESCRIPTION
Extent 543 p. ;
Dimensions 25 cm.
490 1# - SERIES STATEMENT
Series statement Physics textbook.
700 ## - ADDED ENTRY--PERSONAL NAME
Personal name Vaughn, Michael T.
9 (RLIN) 8755
830 #0 - SERIES ADDED ENTRY--UNIFORM TITLE
Uniform title Physics textbook.
9 (RLIN) 8756
942 ## - ADDED ENTRY ELEMENTS (KOHA)
Institution code [OBSOLETE] SNS
Koha item type Book
Call number prefix 530.15 VAU
Source of classification or shelving scheme
Holdings
Withdrawn status Lost status Damaged status Not for loan Permanent Location Current Location Date acquired Total Checkouts Full call number Barcode Date last seen Date last checked out Price effective from Koha item type
        School of Natural Sciences (SNS) School of Natural Sciences (SNS) 05/26/2016 1 530.15 VAU SNS0001246 10/19/2020 09/28/2020 05/26/2016 Book
© 2023 Central Library, National University of Sciences and Technology. All Rights Reserved.